000 01319cam a2200205 4500
001 ##L132686
008 060228n2006 000 0 eng u
035 _a(Sirsi) u132686
041 0 _aeng
050 0 4 _a333.337 $2 18
110 1 _aUnited Kingdom
_bOffice of the Deputy Prime Minister
245 0 0 _aCommercial and industrial floorspace and rateable value statistics 2005
_b(2005 revaluation)
260 _aLondon
_bODPM
_c2006
520 _aProvides a summary of hereditament, floorspace and rateable value statistics for non-domestic property in England and Wales as at 1 April 2005. A significant change to previous years is the introduction of a new bulk class called other bulk premises. The overall effect of this new bulk class has been to lower the total number of hereditaments and the total floorspace within the four original bulk classes. Rateable values and rateable values per m2 have increased due to an increase in value of the commercial rental market between the Antecedent Valuation Dates for the 2000 and 2005 revaluations.
590 _aIKA280206
690 _aPROPERTY-COMMERCIAL PROPERTY-COMMERCIAL PROPERTY TAXATION
710 2 _aValuation Office Agency
_93141
856 4 0 _uhttps://www.communities.gov.uk/index.asp?id=1163767
_zView the statistics on the DCLG website...
942 _n0
999 _c105215
_d105215